|
|
|
|
| LEADER |
00000nam a2200000 a 4500 |
| 005 |
2015051509269.0 |
| 007 |
cr ||||||||||| |
| 008 |
150511s2014 sp |||| b||||001 0 spa|c |
| 020 |
|
|
|a 9788490852248
|
| 035 |
|
|
|a 12693
|
| 040 |
|
|
|a ES-TaURV
|b cat
|c ES-TaURV
|d vLex
|
| 090 |
|
|
|c 5425
|d 5425
|
| 100 |
1 |
|
|a Garca̕ Caracuel, Manuel
|
| 245 |
1 |
3 |
|a La Alteracin̤ sobrevenida de las circunstancias contractuales
|h [Recurso electrn̤ico] /
|c Manuel Garca̕ Caracuel
|
| 256 |
|
|
|a Servicio en ln̕ea
|
| 260 |
|
|
|a Madrid :
|b Dykinson,
|c cop. 2014
|
| 300 |
|
|
|a 1 recurso electrn̤ico
|
| 504 |
|
|
|a Bibliografa̕
|
| 506 |
1 |
|
|a Contenido disponible en los productos indicados
|d vLex Global
|d vLex Global (Academic Edition, excluding Law Schools)
|d vLex Global (U.S. Academic Edition, Law Schools)
|d vLex Global (U.S. Academic Edition, excluding Law Schools)
|d vLex Global (Academic Edition, Law Schools)
|
| 650 |
0 |
4 |
|a Clausula rebus sic stantibus
|z Espaą
|
| 650 |
0 |
4 |
|a Contratos
|z Espaą
|
| 650 |
0 |
4 |
|a Contratos
|z Espaą
|x Jurisprudencia
|
| 740 |
0 |
|
|a vLex Libros (Servicio en ln̕ea)
|
| 856 |
4 |
0 |
|z Acceso restringido
|u http://vlex.com/source/alteracion-sobrevenida-circunstancias-contractuales-12693
|
| 942 |
|
|
|c BOOK
|
| 999 |
0 |
|
|a Rebus sic stantibus clause
|
| 999 |
0 |
|
|a Contracts
|